000 005920000a22001810004500
003 MACL
005 20160409113428.0
008 160409b xxu||||| |||| 00| 0 eng d
040 _aMACL
_cMACL
041 _aHindi
082 _a520
100 _aडॉ अरूण पाराशर
_951199
245 _aउल्‍काओं का विचित्र संसार
260 _bराष्‍ट्रीय प्रौढ साहित्‍य परिषद
_c2004
_aदिल्‍ली
350 _a125
650 _aPure Sci.
_940184
942 _cHIN
_k500
_2ddc
999 _c10113
_d10113